000 00629nam a22001577a 4500
005 20120426114358.0
020 _a019564574X
_c00.00
035 _aB-11658
037 _aDPL
_bENG
100 _aHansen, Thomas Blom
_945775
245 _aThe saffron wave :
_bDemocracy and Hindu nationalism in modern India /
_cby Thomas Blom Hansen
260 _aNew Delhi
_bOxford University Press
_c1999
300 _avi, 293p.
_c20 cms.
942 _2ddc
_cEN
_h320.54
_mHAN
999 _c65660
_d65660